Wikipedia Typing Challenge Quiz Stats

Quiz Updated Dec 23, 2017

Challenge
Share
Tweet
Embed
Score 0/40 Timer 01:00
0 Plays Today
Type this here % Correct
????
100%
????
99.3%
????
98.7%
????
98.3%
????
98%
????
97.6%
????
97.2%
????
97%
????
96.7%
????
96.5%
????
96.3%
????
96%
????
95.8%
????
95.6%
????
95.2%
????
94.7%
????
94.1%
????
93.4%
????
92.5%
????
91.3%
Type this here % Correct
????
89.8%
????
88%
????
86.6%
????
84.2%
????
81.6%
????
78.5%
????
75.2%
????
70.7%
????
66.1%
????
60.9%
????
53.1%
????
45.9%
????
40%
????
30.9%
????
23.2%
????
19.3%
????
12.8%
????
9.4%
????
6.4%
????
3.3%

You're not logged in!

Compare scores with friends on all Sporcle quizzes.
Join for Free
OR
Log In

You Might Also Like...

Show Comments

Extras

Top Quizzes Today


Score Distribution

Your Account Isn't Verified!

In order to create a playlist on Sporcle, you need to verify the email address you used during registration. Go to your Sporcle Settings to finish the process.

Report this User

Report this user for behavior that violates our Community Guidelines.

Details: